BUBT Library Online Catalog

International Business Competing in the Global market place (Record no. 1763)

000 -LEADER
fixed length control field 00658nam a2200229Ia 4500
003 - CONTROL NUMBER IDENTIFIER
control field BUBTL
008 - FIXED-LENGTH DATA ELEMENTS--GENERAL INFORMATION
fixed length control field 151213s9999 xx 000 0 und d
020 ## - INTERNATIONAL STANDARD BOOK NUMBER
International Standard Book Number 0-256-18876-9
082 ## - DEWEY DECIMAL CLASSIFICATION NUMBER
Classification number 658.049/H55i
100 ## - MAIN ENTRY--PERSONAL NAME
Personal name Hill, Charles W.L.
9 (RLIN) 3807
245 ## - TITLE STATEMENT
Title International Business Competing in the Global market place
Statement of responsibility, etc. Charles W.L.Hill
250 ## - EDITION STATEMENT
Edition statement 2nd
260 ## - PUBLICATION, DISTRIBUTION, ETC. (IMPRINT)
Place of publication, distribution, etc. Boston
Name of publisher, distributor, etc. Irwin
Date of publication, distribution, etc. c1997
300 ## - PHYSICAL DESCRIPTION
Extent [xx] , 630p . :
Other physical details ill . ; 27cm.
500 ## - GENERAL NOTE
General note Includes Index
650 ## - SUBJECT ADDED ENTRY--TOPICAL TERM
Topical term or geographic name as entry element Business
9 (RLIN) 3808
650 ## - SUBJECT ADDED ENTRY--TOPICAL TERM
Topical term or geographic name as entry element Management
9 (RLIN) 3809
700 ## - ADDED ENTRY--PERSONAL NAME
Personal name Charles W. L. Hill
9 (RLIN) 3810
856 ## - ELECTRONIC LOCATION AND ACCESS
Password 0
Logon 0
Link text Download
942 ## - ADDED ENTRY ELEMENTS (KOHA)
Source of classification or shelving scheme
Koha item type Books
Holdings
Withdrawn status Lost status Source of classification or shelving scheme Damaged status Not for loan Collection code Permanent location Current location Shelving location Date acquired Inventory number Total Checkouts Full call number Barcode Date last seen Copy number Price effective from Koha item type
          Non-fiction Bangladesh University of Business and Technology Library Bangladesh University of Business and Technology Library Management Stacks 11/12/2020 2550   658.049/H55i BUBTL-20032550 11/12/2020 C-1 11/12/2020 Books

More Information About Library

Library Hours

  • Open: 9.00 am. to 9.00 pm.
  • Only Sunday: 9.00 am. to 6.00 pm.
  • Closed: Holiday

Contact to the University

Bangladesh University of Business and Technology Library

  • Mirpurl-2, 1216.
  • Phone:
  • Fax:
  • E-Mail: admin.library@bubt.edu.bd

Contact to the Library

Contact Person:

Md. Abdul Hakim Shah
Joint Librarian
PABX No:  113
Cell No: 01816332931
E-mail: official: admin.library@bubt.edu.bd
Personal: hakim.shah@bubt.edu.bd


BUBT Library

Copyright © 2021